Overwatch quiz - Statistics

General Stats
  • This quiz has been taken 316 times
  • The average score is 7 of 10
Answer Stats
Hint Answer % Correct
Uses ice mei
96%
Heals with sniper ana
94%
Big hammer and sheild Reinhardt
90%
Uses orbs zenyatta
85%
Only 1 to sprint soldier 76
84%
Moves around fast Tracer
76%
Cowboy Mcree
61%
powerful immobile Bastion
60%
Can teleport Reaper
59%
has a round shield HARAMBE
0%
No matching quizzes found
Score Distribution
Percent of People with Each Score
Percentile by Number Answered
Your Score History
You have not taken this quiz